000 00915nas a2200301 4500
001 BR0706969
003 BR-BrBNA
005 20231205111327.0
007 ta
008 230509b bl.|||p| |||| 00| 00por d
040 _aBR-BrBNA
_bpor
_cBiblioteca Nacional de Agricultura
041 _a(Pt)
072 _aL02; L01
100 1 _aSchettino, D.N.
100 1 _aCançado, S.V.
100 1 _aBaião, N.C.
100 1 _aLara, L.J.C.
100 1 _aFigueiredo, T.C.
100 1 _aSantos, W.L.M.
245 1 _aEfeito do período de jejum pré-abate sobre o rendimento de carcaça de frango de corte
650 _aFRANGO DE CORTE
650 _aJEJUM
650 _aCARCAÇA
650 _aRENDIMENTO
773 0 _tArquivo Brasileiro de Medicina Veterinária e Zootecnia (Brazil)
_xISSN 0102-0935
_g(2006), v. 58(5) p. 918-924
_wBR0706969
909 _a202311
_bLúcia
_c55
_dLúcia Elande
942 _2AGRIS
_n0
_cANA
999 _c192065
_d192065